ZELENI NEONI ZELENI

Bibliographic Details
Main Author: Červeňák, Andrej, 1932-2012 (Author)
Format: Article
Language:Ukrainian

MARC

LEADER 00000nab a2200000 a 4500
001 vtls010808137
003 SK-MaSNL
005 20260303185102.0
008 230218s1964 xo |||||||||||||||||ukr|
035 |a (urnnbn)urn:nbn:sk:snk:ar-005zhm 
035 |a (uuid)feb4be7a-7ef2-497e-86dd-f1972928d6d9 
035 |a urn:nbn:sk:snk-ab3796 
040 |a SNKBUCL  |b slo  |c SNKBUCL  |e AACR2 
041 0 |a ukr 
044 |a xo  |c SK 
100 1 |a Červeňák, Andrej,  |d 1932-2012  |4 aut  |9 153402 
245 1 0 |a ZELENI NEONI ZELENI  |c Andrij Červenjak 
773 0 |t Duklja : literaturno-chudožnij ta hromads'ko-polityčnyj al'manach  |g Roč. 12, č. 3 (1964), s. 75-77 
958 |a OND 
958 |a EUIPO 
958 |a article2 
999 |c 2129682  |d 2131612